000
00211nam a22000857a 4500
008
170601b xxu||||| |||| 00| 0 eng d
100
_9
3196
_a
Dutta. A. K
245
_a
Adventure Stories
260
_a
New Delhi
_b
CBT
_c
1995
999
_c
6508
_d
6508